Современные тенденции развития дошкольного и начального образования (Запись № 13696833)

Подробности
000 -МАРКЕР
контрольное поле 02830nam0a2200385 4500
001 - ИДЕНТИФИКАТОР ЗАПИСИ
контрольное поле RU\NLR\BIBL_A\022733853
005 - ИДЕНТИФИКАТОР ВЕРСИИ
контрольное поле 20260426080647.0
010 ## - МЕЖДУНАРОДНЫЙ СТАНДАРТНЫЙ НОМЕР КНИГИ (ISBN)
Номер (ISBN) 978-5-7159-0861-2
Тираж 500
021 ## - НОМЕР ГОСУДАРСТВЕННОЙ РЕГИСТРАЦИИ
Код страны Российская Федерация
Номер КН-П-25-081017
Номер Листа государственной регистраци КН-П-25-7846
035 ## - ДРУГИЕ СИСТЕМНЫЕ НОМЕРА
Идентификатор записи (NLR Aleph) 022733853
100 ## - ДАННЫЕ ОБЩЕЙ ОБРАБОТКИ
Данные общей обработки 20260220d2025 k y0rusy50 ca
101 0# - ЯЗЫК РЕСУРСА
Язык текста, звукозаписи и т.д. русский
Язык резюме английский
102 ## - СТРАНА ПУБЛИКАЦИИ ИЛИ ПРОИЗВОДСТВА
Страна публикации Российская Федерация
105 ## - ПОЛЕ КОДИРОВАННЫХ ДАННЫХ: ТЕКСТОВЫЕ МАТЕРИАЛЫ, МОНОГРАФИЧЕСКИЕ
Кодированные данные о монографическом текстовом документе ac z 100zy
181 #0 - ПОЛЕ КОДИРОВАННЫХ ДАННЫХ: ВИД СОДЕРЖАНИЯ
Код вида содержания (ISBD) i3
Код характеристики содержания (ISBD) axxe
182 #0 - ПОЛЕ КОДИРОВАННЫХ ДАННЫХ: ТИП СРЕДСТВА
Код типа средства (ISBD) n - непосредственное
200 1# - ЗАГЛАВИЕ И СВЕДЕНИЯ ОБ ОТВЕТСТВЕННОСТИ
Основное заглавие Современные тенденции развития дошкольного и начального образования
Сведения, относящиеся к заглавию материалы V международной научно-практической конференции, приуроченной к Году защитника Отечества и 80-летия Победы в Великой Отечественной войне, 05 декабря 2025 года
Первые сведения об ответственности Министерство просвещения Республики Башкортостан, Государственное автономное образовательное учреждение дополнительного профессионального образования "Институт развития образования Республики Башкортостан"
Последующие сведения об ответственности редакционная коллегия: Акчулпанов Ю. К. [и др.]
203 ## - ВИД СОДЕРЖАНИЯ И ТИП СРЕДСТВА
Вид содержания Текст
Дополнительные сведения об издании визуальный
Тип средства непосредственный
210 ## - ПУБЛИКАЦИЯ, РАСПРОСТРАНЕНИЕ И ДР.
Место издания, распространения и т.д. Уфа
Имя издателя, распространителя и т. д. Изд-во Института развития образования Республики Башкортостан
Дата издания, распространения и т.д. 2025
215 ## - ФИЗИЧЕСКАЯ ХАРАКТЕРИСТИКА
Специфическое обозначение материала и объем 487 c.
Другие сведения о физической характеристике цв. ил., портр.
Размеры 20
300 ## - ОБЩИЕ ПРИМЕЧАНИЯ
Текст примечания Рез. докл. на англ. яз.
320 ## - ПРИМЕЧАНИЯ О НАЛИЧИИ В ДОКУМЕНТЕ БИБЛИОГРАФИИ / УКАЗАТЕЛЯ
Текст примечания Библиогр. в конце докл.
606 1# - НАИМЕНОВАНИЕ ТЕМЫ КАК ПРЕДМЕТ
Наименование темы Дошкольное образование
Формальный подзаголовок Съезды, совещания и т.п
Системный номер авторитетной/нормативной записи 2433269
Идентификатор авторитетной/нормативной записи RU\NLR\AUTH\661448138
606 1# - НАИМЕНОВАНИЕ ТЕМЫ КАК ПРЕДМЕТ
Наименование темы Начальное образование
Формальный подзаголовок Съезды, совещания и т.п
Системный номер авторитетной/нормативной записи 2453589
Идентификатор авторитетной/нормативной записи RU\NLR\AUTH\661458620
686 1# - ИНДЕКСЫ ДРУГИХ КЛАССИФИКАЦИЙ
Индекс Ч41я431
686 1# - ИНДЕКСЫ ДРУГИХ КЛАССИФИКАЦИЙ
Индекс Ч424(0)714.0я431
702 #1 - ИМЯ ЛИЦА - ВТОРИЧНАЯ ОТВЕТСТВЕННОСТЬ
Начальный элемент ввода Акчулпанов
Часть имени, кроме начального элемента ввода Ю. К.
Даты 1987-
Расширение инициалов личного имени Юлай Киньябаевич
Код отношения Редактор
711 12 - НАИМЕНОВАНИЕ ОРГАНИЗАЦИИ - АЛЬТЕРНАТИВНАЯ ОТВЕТСТВЕННОСТЬ
Начальный элемент ввода "Современные тенденции развития дошкольного и начального общего образования", международная научно-практическая конференция
Порядковый номер временной организации и / или порядковый номер ее части 5
Место проведения временной организации Уфа
Дата проведения временной организации 2025
Системный номер авторитетной/нормативной записи 2699068
Идентификатор авторитетной/нормативной записи RU\NLR\AUTH\880639449
712 02 - НАИМЕНОВАНИЕ ОРГАНИЗАЦИИ - ВТОРИЧНАЯ ОТВЕТСТВЕННОСТЬ
Код отношения Издающая организация
Начальный элемент ввода Институт развития образования Республики Башкортостан
Идентифицирующий признак Уфа
Системный номер авторитетной/нормативной записи 823268
Идентификатор авторитетной/нормативной записи RU\NLR\AUTH\8810163626
942 ## - ДОПОЛНИТЕЛЬНЫЕ ЭЛЕМЕНТЫ ЗАПИСИ (АБИС)
Тип экземпляра АБИС Книга
980 ## - КОЛЛЕКЦИЯ
Название коллекции Национальная библиография

Нет доступных экземпляров.